Грамматика английского языка (Запись № 140046)

Подробности
000 -МАРКЕР
контрольное поле 02330nam0a2200397 4500
001 - ИДЕНТИФИКАТОР ЗАПИСИ
контрольное поле RU\NLR\bibl\1235038
005 - ИДЕНТИФИКАТОР ВЕРСИИ
контрольное поле 20260406104550.0
010 ## - МЕЖДУНАРОДНЫЙ СТАНДАРТНЫЙ НОМЕР КНИГИ (ISBN)
Номер (ISBN) 978-5-377-01538-3
Тираж 10000
021 ## - НОМЕР ГОСУДАРСТВЕННОЙ РЕГИСТРАЦИИ
Код страны Российская Федерация
Номер 2008-26353
Номер Листа государственной регистраци 1453
035 ## - ДРУГИЕ СИСТЕМНЫЕ НОМЕРА
Идентификатор записи (NLR Aleph) 001221282
100 ## - ДАННЫЕ ОБЩЕЙ ОБРАБОТКИ
Данные общей обработки 20080602d2008 |||y0rusy50 ca
101 0# - ЯЗЫК РЕСУРСА
Язык текста, звукозаписи и т.д. русский
-- английский
102 ## - СТРАНА ПУБЛИКАЦИИ ИЛИ ПРОИЗВОДСТВА
Страна публикации Российская Федерация
105 ## - ПОЛЕ КОДИРОВАННЫХ ДАННЫХ: ТЕКСТОВЫЕ МАТЕРИАЛЫ, МОНОГРАФИЧЕСКИЕ
Кодированные данные о монографическом текстовом документе a |||||||||
200 1# - ЗАГЛАВИЕ И СВЕДЕНИЯ ОБ ОТВЕТСТВЕННОСТИ
Основное заглавие Грамматика английского языка
Сведения, относящиеся к заглавию книга для родителей
-- к учебнику И. Н. Верещагиной и др. "Английский язык: 2 класс" (М.: Просвещение)
-- 2 класс
Первые сведения об ответственности Е. А. Барашкова
205 ## - СВЕДЕНИЯ ОБ ИЗДАНИИ
Сведения об издании Изд. 5-е, стер.
210 ## - ПУБЛИКАЦИЯ, РАСПРОСТРАНЕНИЕ И ДР.
Место издания, распространения и т.д. Москва
Имя издателя, распространителя и т. д. Экзамен
Дата издания, распространения и т.д. 2008
215 ## - ФИЗИЧЕСКАЯ ХАРАКТЕРИСТИКА
Специфическое обозначение материала и объем 62, [1] с.
Размеры 21
225 1# - СЕРИЯ
Основное заглавие серии Учебно-методический комплект
Сведения, относящиеся к заглавию УМК
225 1# - СЕРИЯ
Основное заглавие серии English
Сведения, относящиеся к заглавию 2
300 ## - ОБЩИЕ ПРИМЕЧАНИЯ
Текст примечания На обл. подзаг.: К учебнику И. Н. Верещагиной, К. А. Бондаренко, Т. А. Притыкиной "English 2"
422 #0 - ИЗДАНИЕ, К КОТОРОМУ ОТНОСИТСЯ ПРИЛОЖЕНИЕ
Встроенное поле 2001#$aАнглийский язык$eучебник для 2 класса школ с углубленным изучением английского языка, лицеев и гимназий$e2-й год обучения$fИ. Н. Верещагина, К. А. Бондаренко, Т. А. Притыкиной
Заглавие Английский язык
606 1# - НАИМЕНОВАНИЕ ТЕМЫ КАК ПРЕДМЕТ
Наименование темы Английский язык
Формальный подзаголовок Учебно-методические пособия
Тематический подзаголовок Грамматика
-- Преподавание
-- Начальная школа
Системный номер авторитетной/нормативной записи 2464456
Идентификатор авторитетной/нормативной записи RU\NLR\auth\661464139
606 1# - НАИМЕНОВАНИЕ ТЕМЫ КАК ПРЕДМЕТ
Наименование темы Английский язык
Формальный подзаголовок Учебно-методические пособия
Тематический подзаголовок Обучение в семье
Системный номер авторитетной/нормативной записи 971032
Идентификатор авторитетной/нормативной записи RU\NLR\auth\6645375
606 1# - НАИМЕНОВАНИЕ ТЕМЫ КАК ПРЕДМЕТ
Наименование темы Английский язык
Формальный подзаголовок Учебные издания для начальной школы
Системный номер авторитетной/нормативной записи 972309
Идентификатор авторитетной/нормативной записи RU\NLR\auth\6646032
686 ## - ИНДЕКСЫ ДРУГИХ КЛАССИФИКАЦИЙ
Индекс Ч491.7(англ)я7
686 ## - ИНДЕКСЫ ДРУГИХ КЛАССИФИКАЦИЙ
Индекс Ч426.179Ан2(2),01я7
686 ## - ИНДЕКСЫ ДРУГИХ КЛАССИФИКАЦИЙ
Индекс Ш143.21-93рус21[2]
700 #1 - ИМЯ ЛИЦА - ПЕРВИЧНАЯ ОТВЕТСТВЕННОСТЬ
Код отношения Автор
Материалы, к которым относится поле rus
Графика поля Кириллица
Начальный элемент ввода Барашкова
Часть имени, кроме начального элемента ввода Е. А.
Расширение инициалов личного имени Елена Александровна
Идентификатор авторитетной/нормативной записи RU\NLR\AUTH\7796501
Системный номер авторитетной/нормативной записи 79427
801 #0 - ИСТОЧНИК ЗАПИСИ
Страна Российская Федерация
Организация NLR
Дата составления 20080602
Правила каталогизации RCR
801 #1 - ИСТОЧНИК ЗАПИСИ
Страна Российская Федерация
Организация NLR
Дата составления 20080602
942 ## - ДОПОЛНИТЕЛЬНЫЕ ЭЛЕМЕНТЫ ЗАПИСИ (АБИС)
Тип экземпляра АБИС Книга
980 ## - КОЛЛЕКЦИЯ
Название коллекции Национальная библиография
Экземпляры
Тип экземпляра Дата поступления Источник поступления Библиотека постоянного хранения Библиотека текущего хранения Место хранения Шифр хранения Штрих-код Статус экземпляра
Книга 02.06.2008 Обязательный экземпляр РНБ (Московский) РНБ (Московский) Русский книжный фонд: издания с 1957 года 2008-4/10313 2685839  
Книга 02.06.2008 Обязательный экземпляр РНБ (Московский) РНБ (Московский) Обменный фонд   2685840